| 000 | 00624nam a22002057a 4500 | ||
|---|---|---|---|
| 003 | OSt | ||
| 005 | 20260310005941.0 | ||
| 008 | 260310b |||||||| |||| 00| 0 eng d | ||
| 020 | _a9780330504218 | ||
| 040 |
_aDWCL-Main Lib _cOC |
||
| 082 | _aProf. 153.8 Ad191 1996 | ||
| 100 | _aAdair, John | ||
| 245 | _aEffective motivation : how to get the best results from everyone / | ||
| 260 |
_aLondon : _b Pan Books, _c1996. |
||
| 300 |
_axi , 219 pages : _billustrations. ; _c20 cm. |
||
| 504 | _a1. Includes index. | ||
| 650 | _aEmployee motivation. | ||
| 650 | _aMotivation (Psychology). | ||
| 942 |
_2ddc _cPROF. _mProf. _n0 |
||
| 999 |
_c8799 _d8799 |
||